[Event "Tournoi Skype 031B"]
[Site "Skype"]
[Date "????.??.??"]
[Round "5.9"]
[White "Hernandez Monzon, Alejandro"]
[Black "Crocioni, Luca"]
[Result "1-0"]
[WhiteElo "1240"]
[BlackElo "1148"]
[PlyCount "95"]

1. d4 d5 2. e3 Bf5 3. b3 e6 4. Bb2 Nf6 5. f3 Be7 6. Qd2 c6 7. Nc3 Bg6 8. O-O-O
Qa5 9. Nge2 Ba3 10. g4 Bxb2+ 11. Kxb2 Nbd7 12. h4 h5 13. g5 Nh7 14. Nf4 Bf5 15.
Bd3 Bxd3 16. Qxd3 c5 17. g6 c4 18. gxf7+ Kd8 19. Qd2 Nhf8 20. Rhg1 e5 21. Ng6
Nxg6 22. Rxg6 cxb3 23. cxb3 Rc8 24. Rxg7 Ke7 25. f8=Q+ Kxf8 26. Rxd7 Rg8 27.
Rc1 Rg3 28. Rxd5 b5 29. Rxb5 Qa6 30. dxe5 Rxf3 31. Rd5 Qb6 32. Rd6 Qa5 33. Rf6+
Rxf6 34. exf6 Qe5 35. Rf1 Rc7 36. a4 a5 37. e4 Kf7 38. Qd5+ Qe6 39. Qxe6+ Kxe6
40. f7 Rxf7 41. Rxf7 Kxf7 42. Ka3 Kf6 43. b4 axb4+ 44. Kxb4 Ke5 45. a5 Kd6 46.
a6 Kc7 47. e5 Kb6 48. e6 1-0

[Event "Tournoi Skype 031B"]
[Site "Skype"]
[Date "????.??.??"]
[Round "5.10"]
[White "Moraga Vasquez, Michael"]
[Black "Khatanhar, Mohit"]
[Result "1-0"]
[WhiteElo "1236"]
[BlackElo "1139"]
[PlyCount "49"]

1. e4 e5 2. Nf3 Nc6 3. Bb5 Bc5 4. O-O Nge7 5. c3 O-O 6. d4 exd4 7. cxd4 Bb6 8.
Nc3 a6 9. Ba4 d5 10. e5 f6 11. exf6 Rxf6 12. Bg5 Rg6 13. Bb3 Be6 14. Re1 Qd6
15. Qd3 Kh8 16. Be3 Bf5 17. Qd2 Rf8 18. Nh4 Rgf6 19. Nxf5 Rxf5 20. Ne2 Ba5 21.
Nc3 Bxc3 22. bxc3 Ne5 23. dxe5 Qxe5 24. Bc5 Rh5 25. Rxe5 1-0

[Event "Tournoi Skype 031B"]
[Site "Skype"]
[Date "????.??.??"]
[Round "5.11"]
[White "Fouques Duparc, Paulin"]
[Black "Guevara, Lizbeth"]
[Result "0-1"]
[WhiteElo "1228"]
[BlackElo "1129"]
[PlyCount "40"]

1. b4 d5 2. Bb2 Bf5 3. d3 c6 4. Nd2 Nd7 5. c4 e5 6. cxd5 Bxb4 7. dxc6 bxc6 8.
Ngf3 Qa5 9. a3 Bxd2+ 10. Nxd2 Ne7 11. e4 Be6 12. Be2 O-O 13. O-O Ng6 14. Rc1 c5
15. Nb3 Bxb3 16. Qxb3 Rab8 17. Qa2 Qd2 18. Bg4 Rxb2 19. Qd5 Nf4 20. Qxc5 Nxc5
0-1

[Event "Tournoi Skype 031B"]
[Site "Skype"]
[Date "????.??.??"]
[Round "5.12"]
[White "Parrales, Rodolfo"]
[Black "Pages, Philippe"]
[Result "1-0"]
[WhiteElo "1220"]
[BlackElo "1099"]
[PlyCount "37"]

1. e4 e5 2. Nf3 Nc6 3. d4 exd4 4. Bc4 Bc5 5. c3 dxc3 6. Bxf7+ Kxf7 7. Qd5+ Ke8
8. Qh5+ g6 9. Qxc5 Nf6 10. Nxc3 d6 11. Qc4 Qe7 12. O-O Be6 13. Qb5 Rb8 14. Bg5
a6 15. Qe2 Qf7 16. e5 dxe5 17. Nxe5 Nd4 18. Qd3 Nc6 19. Nxf7 1-0

[Event "Tournoi Skype 031B"]
[Site "Skype"]
[Date "????.??.??"]
[Round "5.13"]
[White "Linares Vernet, Ana"]
[Black "Conde, Carmen"]
[Result "1-0"]
[WhiteElo "1142"]
[BlackElo "1206"]
[PlyCount "107"]

1. e4 e5 2. Nf3 d6 3. d4 exd4 4. Nxd4 c5 5. Nf3 Nd7 6. c4 Ngf6 7. Nc3 h6 8. Bd3
Be7 9. Be3 O-O 10. Qd2 Kh7 11. e5+ Kg8 12. exf6 Bxf6 13. Ne4 Ne5 14. Nxe5 Bxe5
15. Bf4 Be6 16. Bxe5 dxe5 17. Nxc5 Bxc4 18. Bxc4 Qxd2+ 19. Kxd2 Rad8+ 20. Kc2
b6 21. Ne4 Rc8 22. Kb3 Rc7 23. Rac1 Rfc8 24. Rc3 Kf8 25. Rd1 Ke7 26. Rdd3 f6
27. Nd6 Rb8 28. Nb5 Rd7 29. Rxd7+ Kxd7 30. Rd3+ Ke7 31. Nxa7 Rb7 32. Nb5 f5 33.
g3 e4 34. Rd5 g6 35. h4 h5 36. a3 Kf6 37. Rd6+ Kg7 38. Kc3 Kh7 39. Rd8 Kg7 40.
Bd5 Re7 41. Kd4 Kf6 42. Rd6+ Kg7 43. Re6 Rxe6 44. Bxe6 Kf6 45. Bc4 g5 46. hxg5+
Kxg5 47. Ke3 Kg4 48. Be6 Kg5 49. Nd6 Kf6 50. Bc4 Ke5 51. Nc8 f4+ 52. gxf4+ Kf5
53. Nxb6 h4 54. Bf1 1-0

[Event "Tournoi Skype 031B"]
[Site "Skype"]
[Date "????.??.??"]
[Round "5.15"]
[White "Vasquez Donaire, Ivis Godofredo"]
[Black "Sosa, Juan Carlos"]
[Result "0-1"]
[WhiteElo "1000"]
[BlackElo "1199"]
[PlyCount "64"]

1. e4 e5 2. Nf3 Nc6 3. Bb5 d6 4. O-O Bd7 5. d3 Be7 6. Bc4 Nf6 7. Ng5 O-O 8. c3
Qe8 9. Bb3 h6 10. Nf3 a5 11. Bc2 b5 12. a3 b4 13. axb4 axb4 14. Rxa8 Qxa8 15.
d4 bxc3 16. bxc3 exd4 17. cxd4 Nb4 18. e5 Nfd5 19. exd6 Bxd6 20. Bb3 Bc6 21.
Nc3 Nf4 22. Bxf4 Bxf4 23. g3 Bxf3 24. Bxf7+ Rxf7 25. Qb3 Nd3 26. gxf4 Bh1 27.
f3 Bxf3 28. Rxf3 Qxf3 29. Qb8+ Rf8 30. Qb3+ Kh8 31. Nd5 Qf2+ 32. Kh1 Qf1# 0-1

[Event "Tournoi Skype 031B"]
[Site "Skype"]
[Date "????.??.??"]
[Round "5.16"]
[White "Roberts, Mario"]
[Black "Pandey, Dharmendra Kumar"]
[Result "0-1"]
[WhiteElo "1195"]
[BlackElo "1099"]
[PlyCount "116"]

1. c4 e5 2. Nc3 Nc6 3. a3 d6 4. d3 Nf6 5. Bg5 h6 6. Bxf6 Qxf6 7. Nd5 Qd8 8. e3
Ne7 9. Nc3 c6 10. Be2 d5 11. c5 a5 12. Nf3 Ng6 13. d4 Qc7 14. Rc1 Be7 15. Qa4
O-O 16. Nxe5 Nxe5 17. dxe5 Qxe5 18. Nd1 Rd8 19. Qd4 Qxd4 20. exd4 Bf6 21. b4
axb4 22. axb4 Bxd4 23. O-O Ra2 24. Re1 Re8 25. Ne3 Bxe3 26. fxe3 Rxe3 27. Bf1
Rxe1 28. Rxe1 Be6 29. b5 Rc2 30. bxc6 bxc6 31. Rb1 Rxc5 32. Bd3 g6 33. h3 Rc3
34. Ba6 c5 35. Rb8+ Kg7 36. Rd8 d4 37. Bb7 d3 38. Bf3 c4 39. Kh2 Rc2 40. Be4
Re2 41. Rd4 f5 42. Bxd3 cxd3 43. Rxd3 Kf6 44. Rd8 Ke5 45. Rh8 h5 46. Rh6 Kf6
47. Rh8 Bd5 48. Rf8+ Kg5 49. Rd8 Bxg2 50. h4+ Kxh4 51. Rd4+ Kg5 52. Kg1 Bh3 53.
Rd3 Kg4 54. Rd1 f4 55. Kh1 Bg2+ 56. Kg1 f3 57. Rd6 g5 58. Rd4+ Kg3 0-1

[Event "Tournoi Skype 031B"]
[Site "Skype"]
[Date "????.??.??"]
[Round "5.17"]
[White "De Nobrega, George"]
[Black "Bledsoe, Megan"]
[Result "1-0"]
[WhiteElo "1181"]
[BlackElo "1000"]
[PlyCount "59"]

1. e4 e6 2. Nf3 d5 3. exd5 exd5 4. h3 Nf6 5. d4 c5 6. Nc3 Bf5 7. Bd3 Bg6 8. O-O
c4 9. Re1+ Be7 10. Bxg6 hxg6 11. Bg5 Nbd7 12. b3 O-O 13. Bxf6 Nxf6 14. Rb1 Bb4
15. Re3 Qa5 16. Ne2 Ne4 17. Qc1 Nc3 18. Nxc3 Bxc3 19. bxc4 dxc4 20. Rxb7 Rfd8
21. Qd1 Bb4 22. c3 Bxc3 23. Ree7 Qxa2 24. Rxf7 Rab8 25. Rxg7+ Kh8 26. Rh7+ Kg8
27. Rbg7+ Kf8 28. Kh2 Rb1 29. Rxa7 Rxd1 30. Rh8# 1-0

[Event "Tournoi Skype 031B"]
[Site "Skype"]
[Date "????.??.??"]
[Round "5.18"]
[White "Hernandez, Enrique"]
[Black "Llabres, Sergio"]
[Result "1-0"]
[WhiteElo "1051"]
[BlackElo "1181"]
[PlyCount "71"]

1. g3 d5 2. d4 h6 3. c4 c6 4. Nc3 Nf6 5. Bg2 e6 6. c5 Nbd7 7. Nf3 Be7 8. Bf4
O-O 9. Ne5 Nh5 10. Bxh6 gxh6 11. e3 Ng7 12. Qd2 Bf6 13. Ng4 Kh7 14. e4 h5 15.
h3 hxg4 16. hxg4+ Kg8 17. Qh6 Bh4 18. gxh4 f6 19. f4 Kf7 20. h5 Rh8 21. Qg6+
Kf8 22. h6 Qe7 23. O-O-O Ne8 24. g5 Qh7 25. Qxh7 Rxh7 26. g6 Rh8 27. f5 exf5
28. Rdf1 fxe4 29. Bxe4 dxe4 30. Nxe4 Ke7 31. Re1 Kf8 32. Nd6 Nxd6 33. cxd6 b6
34. Re7 f5 35. h7 Rg8 36. h8=Q 1-0

[Event "Tournoi Skype 031B"]
[Site "Skype"]
[Date "????.??.??"]
[Round "5.19"]
[White "Luna Perez Vico, Lorenzo"]
[Black "Balci Gungor, Ayca"]
[Result "0-1"]
[WhiteElo "1341"]
[BlackElo "1145"]
[PlyCount "88"]

1. e4 e6 2. d4 d5 3. exd5 exd5 4. Nf3 Bd6 5. Bd3 Nf6 6. Nbd2 O-O 7. O-O Re8 8.
c4 c6 9. Re1 Bg4 10. h3 Bh5 11. g4 Bg6 12. Bxg6 hxg6 13. Ne5 Nbd7 14. c5 Bc7
15. Ndf3 Ne4 16. a3 f6 17. Nxg6 Kf7 18. Ngh4 Ne5 19. dxe5 fxe5 20. b4 Nc3 21.
Qd3 d4 22. Qg6+ Kf8 23. Bg5 Qd5 24. Qf5+ Qf7 25. Ng6+ Kg8 26. Qxf7+ Kxf7 27.
Ngxe5+ Bxe5 28. Nxe5+ Kf8 29. Ng6+ Kf7 30. Ne5+ Kf8 31. Ng6+ Kf7 32. Ne5+ Kf8
33. Nd3 Kf7 34. Bf4 Nd5 35. Be5 g6 36. Kg2 Re7 37. Bxd4 Rae8 38. Rxe7+ Rxe7 39.
Ne5+ Ke8 40. Re1 g5 41. Kf1 Nf4 42. Re3 Kd8 43. Nf7+ Rxf7 44. Rd3 Nxd3 0-1

[Event "Tournoi Skype 031B"]
[Site "Skype"]
[Date "????.??.??"]
[Round "5.20"]
[White "Fedeli, Emma"]
[Black "Rivalta, Paolo"]
[Result "1-0"]
[WhiteElo "1273"]
[BlackElo "1143"]
[PlyCount "71"]

1. d4 d5 2. c4 e6 3. Nc3 c5 4. Nf3 cxd4 5. Nxd4 Bc5 6. e3 Nf6 7. Be2 e5 8. Nf3
e4 9. Nd4 O-O 10. cxd5 Nxd5 11. Nxe4 Bb6 12. O-O Re8 13. Bf3 Re5 14. Bd2 Nd7
15. Rc1 N7f6 16. Nc3 Bxd4 17. exd4 Re7 18. Bg5 Nxc3 19. bxc3 Rc7 20. Re1 Be6
21. a3 h6 22. Bh4 Rac8 23. Re3 a5 24. h3 b5 25. Qe1 Bc4 26. Be2 g5 27. Bg3 Re7
28. Bxc4 Rxe3 29. Bxf7+ Kxf7 30. Qxe3 Nd5 31. Qf3+ Kg8 32. Qf5 Rc6 33. Re1 Nxc3
34. Re6 Rxe6 35. Qxe6+ Kh7 36. Qf7+ 1-0

[Event "Tournoi Skype 031B"]
[Site "Skype"]
[Date "????.??.??"]
[Round "5.21"]
[White "Battaglia, Gabriele"]
[Black "Bellati, Fabio"]
[Result "1-0"]
[WhiteElo "1228"]
[BlackElo "1129"]
[PlyCount "47"]

1. c4 e6 2. Nc3 d5 3. cxd5 exd5 4. d4 c5 5. Nf3 Nc6 6. e4 cxd4 7. Nxd4 Bc5 8.
Nxc6 bxc6 9. exd5 Ne7 10. Bc4 Be6 11. dxe6 Qxd1+ 12. Nxd1 fxe6 13. Bxe6 Rf8 14.
O-O Rf6 15. Re1 Kf8 16. Bg5 Rg6 17. Bxe7+ Kxe7 18. Bf5+ Kf6 19. Bxg6 Kxg6 20.
Re6+ Kf7 21. Rxc6 Bb4 22. Ne3 Re8 23. Rc7+ Kg6 24. Rxa7 1-0

[Event "Tournoi Skype 031B"]
[Site "Skype"]
[Date "????.??.??"]
[Round "5.24"]
[White "Ruiz Gomez, Luz Alba"]
[Black "Trapletti, Cosetta"]
[Result "1-0"]
[WhiteElo "1201"]
[BlackElo "1138"]
[PlyCount "59"]

1. d4 d5 2. Bf4 e6 3. e3 c5 4. c3 Nc6 5. Nd2 Be7 6. Ngf3 Bd6 7. Bg3 b6 8. Bb5
Bxg3 9. Bxc6+ Bd7 10. Bxa8 Bd6 11. Bb7 Bb5 12. a4 Qc7 13. axb5 Qxb7 14. Ne5 Nf6
15. Nc6 Qc7 16. Rxa7 Qc8 17. Qa4 Bb8 18. Nxb8 O-O 19. Nc6 Re8 20. Ne7+ Kf8 21.
Nxc8 Rxc8 22. Ra8 Rxa8 23. Qxa8+ Ne8 24. O-O g6 25. Ra1 f5 26. Qc6 Kf7 27. Ra7+
Kf6 28. Qxe8 h6 29. Nf3 g5 30. Qf7# 1-0

[Event "Tournoi Skype 031B"]
[Site "Skype"]
[Date "????.??.??"]
[Round "5.25"]
[White "Busto, Ricardo"]
[Black "Torres, Vicky"]
[Result "1/2-1/2"]
[WhiteElo "1194"]
[BlackElo "1091"]
[PlyCount "53"]

1. d4 Nf6 2. Bf4 d5 3. e3 e6 4. Nf3 c5 5. c3 cxd4 6. exd4 Bd6 7. Bg3 O-O 8. Bd3
g6 9. Nbd2 Re8 10. Bxd6 Qxd6 11. O-O Nc6 12. Re1 e5 13. dxe5 Nxe5 14. Nxe5 Rxe5
15. Rxe5 Qxe5 16. Nf3 Qd6 17. Qc2 Bg4 18. Be2 Qc5 19. Re1 Ne4 20. Rf1 Bf5 21.
Bd3 Kg7 22. Nd4 Qc8 23. Nxf5+ Qxf5 24. Bxe4 dxe4 25. Re1 Re8 26. Qd2 b6 27. Qe3
1/2-1/2

[Event "Tournoi Skype 031B"]
[Site "Skype"]
[Date "????.??.??"]
[Round "5.26"]
[White "Scata, Laura"]
[Black "Reese, Evan"]
[Result "1-0"]
[WhiteElo "1370"]
[BlackElo "1114"]
[PlyCount "45"]

1. Nf3 d5 2. d4 Nf6 3. e3 e6 4. Bd3 b6 5. Nbd2 Bb7 6. c3 Bd6 7. Qc2 O-O 8. O-O
Nbd7 9. e4 Re8 10. e5 Ne4 11. exd6 cxd6 12. Nxe4 dxe4 13. Bxe4 Bxe4 14. Qxe4
Nf6 15. Qb7 Re7 16. Qa6 d5 17. Bg5 Rc7 18. Rfe1 h6 19. Bf4 Rd7 20. Ne5 Rd6 21.
Qb7 Nd7 22. Nxf7 Kxf7 23. Bxd6 1-0

[Event "Tournoi Skype 031B"]
[Site "Skype"]
[Date "????.??.??"]
[Round "5.27"]
[White "Prieto Umba, Jairo Ovidio"]
[Black "Colangelo, Michele"]
[Result "1/2-1/2"]
[WhiteElo "1317"]
[BlackElo "1108"]
[PlyCount "28"]

1. d4 d5 2. e3 a6 3. c4 e6 4. Nf3 Nc6 5. a3 Nf6 6. Bd3 Bd6 7. h3 O-O 8. O-O Re8
9. Re1 Na5 10. Qa4 Nc6 11. Bd2 Bd7 12. Qc2 Nb8 13. c5 Be7 14. Nc3 Nc6 1/2-1/2

[Event "Tournoi Skype 031B"]
[Site "Skype"]
[Date "????.??.??"]
[Round "5.29"]
[White "Jimenez Del Rosario, Alsis Raynely"]
[Black "Moumtaz, Abderrahim"]
[Result "0-1"]
[WhiteElo "1093"]
[BlackElo "1279"]
[PlyCount "104"]

1. e4 e5 2. Bc4 Nf6 3. d3 Bc5 4. Nf3 d6 5. Ng5 O-O 6. Bxf7+ Rxf7 7. Nxf7 Kxf7
8. Qf3 Bg4 9. Qg3 Qd7 10. h3 Bh5 11. Bg5 Qe7 12. Qh4 Bg6 13. Bxf6 Qxf6 14.
Qxf6+ gxf6 15. g4 Nc6 16. a3 Nd4 17. Kd2 Nf3+ 18. Kc3 Bd4+ 19. Kb3 Nh4 20. Rf1
a5 21. Nd2 b5 22. f4 h6 23. f5 Bh7 24. Nf3 Ng2 25. Nxd4 exd4 26. a4 b4 27. c3
bxc3 28. bxc3 Rb8+ 29. Kc2 Ne3+ 30. Kd2 Nxf1+ 31. Rxf1 Rb2+ 32. Kc1 dxc3 33. h4
Ra2 34. Rd1 Rxa4 35. Kc2 Ra3 36. d4 a4 37. Rd3 Ke7 38. Rxc3 Rxc3+ 39. Kxc3 a3
40. Kb3 a2 41. Kxa2 Bg8+ 42. Kb2 Bc4 43. Kc3 Be2 44. g5 hxg5 45. hxg5 fxg5 46.
Kd2 Bf3 47. Ke3 g4 48. Kf4 Kf6 49. e5+ dxe5+ 50. dxe5+ Kf7 51. e6+ Kf6 52. Ke3
c5 0-1

[Event "Tournoi Skype 031B"]
[Site "Skype"]
[Date "????.??.??"]
[Round "5.30"]
[White "Baker, Abi"]
[Black "Codina, Teresa"]
[Result "0-1"]
[WhiteElo "1067"]
[BlackElo "1274"]
[PlyCount "92"]

1. c4 d5 2. c5 e6 3. d4 c6 4. b4 Nf6 5. Bb2 Nbd7 6. Nd2 g6 7. Qc2 Bg7 8. O-O-O
O-O 9. f3 b6 10. g4 a5 11. a4 axb4 12. h4 b5 13. h5 g5 14. h6 Bh8 15. Nh3 Ne8
16. Nxg5 Qxg5 17. Rh5 Qg6 18. e4 bxa4 19. Bd3 e5 20. exd5 b3 21. Qb1 f5 22.
gxf5 Qxh5 23. Rg1+ Ng7 24. f6 Nxf6 25. dxe5 Nxd5 26. Bxh7+ Kf7 27. hxg7 Bxg7
28. e6+ Kxe6 29. Rg6+ Bf6 30. Qe4+ Kd7 31. Qg4+ Qxg4 32. fxg4 Bxb2+ 33. Kxb2
a3+ 34. Kxb3 a2 35. Rg7+ Ke6 36. Rg6+ Ke5 37. Nc4+ Kd4 38. Na3 a1=Q 39. Nc2+
Kxc5 40. Nxa1 Rxa1 41. g5 Rf3+ 42. Kb2 Re1 43. Rg8 Re2+ 44. Bc2 Nb4 45. g6
Rxc2+ 46. Kb1 Rf1# 0-1

[Event "Tournoi Skype 031B"]
[Site "Skype"]
[Date "????.??.??"]
[Round "5.31"]
[White "Maccaferri, Massimo"]
[Black "Cengiz, Ali Ekber"]
[Result "0-1"]
[WhiteElo "1052"]
[BlackElo "1266"]
[PlyCount "74"]

1. b3 Nf6 2. Bb2 d5 3. g3 e6 4. Bg2 Nc6 5. e3 e5 6. Bxe5 Nxe5 7. d4 Nc6 8. Nc3
Bb4 9. Nge2 O-O 10. O-O Bg4 11. f3 Bf5 12. g4 Bd7 13. g5 Ne8 14. f4 Bg4 15.
Nxd5 Bd6 16. Qd3 Bh5 17. Ng3 Bg4 18. Be4 Ne7 19. Bxh7+ Kh8 20. Be4 Nxd5 21.
Bxd5 Qd7 22. Bxb7 Rd8 23. Qe4 Qe7 24. f5 Qxg5 25. Ba6 Bxg3 26. hxg3 Nd6 27. Qf4
Qxf4 28. Rxf4 Bxf5 29. c3 Rfe8 30. Kf2 g5 31. Rf3 Bg4 32. Rf6 Ne4+ 33. Kg2 Nxf6
34. Rh1+ Kg7 35. Rh4 Rxe3 36. Rh1 Rxc3 37. Rd1 Bxd1 0-1

[Event "Tournoi Skype 031B"]
[Site "Skype"]
[Date "????.??.??"]
[Round "5.32"]
[White "Bucherie, Volcy"]
[Black "Wildt, Gerti"]
[Result "1-0"]
[WhiteElo "1264"]
[BlackElo "1067"]
[PlyCount "87"]

1. d4 d5 2. Nf3 Nf6 3. c4 e6 4. cxd5 exd5 5. Nc3 c6 6. a3 Nbd7 7. g3 Be7 8. Bg2
O-O 9. O-O b6 10. Bf4 Bb7 11. Qc2 Nh5 12. Bd2 c5 13. e3 Nhf6 14. b4 c4 15. b5
h6 16. Ne2 Ne4 17. Bb4 Bxb4 18. axb4 Re8 19. Nc3 Ndf6 20. Ne5 Qd6 21. Ra4 Nxc3
22. Qxc3 Ne4 23. Bxe4 dxe4 24. Qxc4 Bd5 25. Qc2 Re7 26. Nc6 Rd7 27. Ne5 Re7 28.
Nc6 Rc7 29. Rfa1 Be6 30. Qxe4 Bh3 31. Ne7+ Rxe7 32. Qxa8+ Kh7 33. Rxa7 Bd7 34.
Qf8 h5 35. R1a6 h4 36. Ra8 h3 37. Qh8+ Kg6 38. Rb8 Bxb5 39. Raxb6 Bc6 40. Qxh3
f5 41. b5 f4 42. Rxc6 fxe3 43. Rxd6+ Kf7 44. Qf5# 1-0

[Event "Tournoi Skype 031B"]
[Site "Skype"]
[Date "????.??.??"]
[Round "5.33"]
[White "Rodriguez, Nathalie"]
[Black "Mfengu, Daluthando"]
[Result "1-0"]
[WhiteElo "1224"]
[BlackElo "1082"]
[PlyCount "63"]

1. d4 d5 2. Bf4 c6 3. e3 Nf6 4. Nc3 Bg4 5. Nf3 e6 6. Be2 Bb4 7. h3 Bxc3+ 8.
bxc3 Bxf3 9. Bxf3 O-O 10. O-O Nbd7 11. Rb1 Rb8 12. Bxb8 Qxb8 13. Qe2 e5 14. Rb2
exd4 15. cxd4 g6 16. Rfb1 b6 17. c4 Ne4 18. Bxe4 dxe4 19. Qg4 f5 20. Qe2 Qe8
21. c5 Qf7 22. cxb6 axb6 23. Qa6 Nb8 24. Qxb6 Qd5 25. Qc7 Qd8 26. Qxb8 Qf6 27.
Qf4 g5 28. Qg3 h5 29. Rb8 h4 30. Rxf8+ Kxf8 31. Qb8+ Ke7 32. Rb7+ 1-0

[Event "Tournoi Skype 031B"]
[Site "Skype"]
[Date "????.??.??"]
[Round "5.34"]
[White "Gomez Caballero, Blas"]
[Black "Hernandez Lopez, Joaquin"]
[Result "1-0"]
[WhiteElo "1215"]
[BlackElo "1066"]
[PlyCount "87"]

1. e4 e5 2. d3 Nc6 3. Nf3 h6 4. Nc3 Bb4 5. Bd2 Nf6 6. a3 Be7 7. Be2 d5 8. Be3
d4 9. Bxd4 Nxd4 10. Nxe5 Nxe2 11. Nxe2 Ng4 12. Nf3 Bh4 13. g3 Bf6 14. c3 Ne5
15. Nxe5 Bxe5 16. d4 Bf6 17. Qd2 c6 18. e5 Bg5 19. Nf4 O-O 20. O-O-O Bg4 21.
Rde1 Bf3 22. Rhg1 Bd5 23. h4 Be7 24. Nxd5 Qxd5 25. Qe3 Rfe8 26. Kb1 Qb3 27. Re2
Rad8 28. f4 Bxa3 29. f5 c5 30. Qd2 cxd4 31. cxd4 Rc8 32. Qd1 Qb6 33. Ka2 Bb4
34. d5 Rc5 35. e6 f6 36. Rf1 Qa5+ 37. Kb1 Rxd5 38. Qc2 Bd6 39. Rg2 Bxg3 40.
Rxg3 Rc5 41. Qb3 Kh8 42. Qxb7 Rc7 43. Qg2 Qxf5+ 44. Rxf5 1-0

[Event "Tournoi Skype 031B"]
[Site "Skype"]
[Date "????.??.??"]
[Round "5.35"]
[White "Milanese, Serge"]
[Black "Abate, Luigi"]
[Result "0-1"]
[WhiteElo "1202"]
[BlackElo "1066"]
[PlyCount "90"]

1. d4 d5 2. Nf3 Nf6 3. Bf4 c5 4. e3 e6 5. c3 Nbd7 6. Nbd2 Be7 7. Bd3 c4 8. Bc2
O-O 9. O-O Re8 10. e4 Nb6 11. e5 Nfd7 12. Bxh7+ Kxh7 13. Ng5+ Bxg5 14. Qh5+ Kg8
15. Bxg5 f6 16. exf6 Nxf6 17. Qg6 Qe7 18. Nf3 Qf7 19. Qxf7+ Kxf7 20. Ne5+ Ke7
21. Rae1 Nbd7 22. f4 Kd6 23. Rf3 Kc7 24. Ng6 Nf8 25. Ne5 Bd7 26. b3 cxb3 27.
axb3 N8h7 28. Bh4 Rh8 29. Bg3 Ne4 30. Ng6 Rhg8 31. Bh4 Nf8 32. Ne7 Rh8 33. Rh3
Re8 34. f5 exf5 35. Bg3+ Nxg3 36. Rxh8 Ne4 37. Nxd5+ Kd6 38. c4 Be6 39. Nf4 Ke7
40. g4 Kf6 41. Kg2 Kf7 42. Re3 g6 43. gxf5 gxf5 44. Kf3 Kg7 45. Ng6 Kxg6 0-1

[Event "Tournoi Skype 031B"]
[Site "Skype"]
[Date "????.??.??"]
[Round "5.36"]
[White "Radice, Marco"]
[Black "Tolaro, Filippa"]
[Result "0-1"]
[WhiteElo "1198"]
[BlackElo "1048"]
[PlyCount "68"]

1. d4 d5 2. Bf4 Bf5 3. e3 e6 4. h3 c5 5. c3 c4 6. Nf3 Nf6 7. b3 b5 8. a4 Qa5 9.
Nbd2 Qxc3 10. axb5 Bc2 11. Rc1 cxb3 12. Bd3 Qxd3 13. Nxb3 Bxd1 14. Rxd1 Qxb3
15. O-O Qxb5 16. Rc1 Nc6 17. Rb1 Bb4 18. Bd6 a5 19. Rfc1 Qa6 20. Ne5 Bxd6 21.
Rxc6 Qxc6 22. Nxc6 O-O 23. Rb6 a4 24. Ne5 Bxe5 25. dxe5 Nd7 26. Rb2 Nxe5 27. f4
a3 28. Ra2 Nc4 29. Kf1 Rfb8 30. Ke1 Nxe3 31. Kd2 Nc4+ 32. Kc3 Rb2 33. Ra1 a2
34. g4 Rb1 0-1

[Event "Tournoi Skype 031B"]
[Site "Skype"]
[Date "????.??.??"]
[Round "5.37"]
[White "Ibanez, Bittor"]
[Black "Alarcon Alarcon, Marina"]
[Result "1-0"]
[WhiteElo "1047"]
[BlackElo "1196"]
[PlyCount "49"]

1. e4 e5 2. Nf3 Nc6 3. Bc4 Be7 4. d4 exd4 5. Nxd4 Nf6 6. Bg5 d5 7. Nxc6 bxc6 8.
exd5 O-O 9. dxc6 Qxd1+ 10. Kxd1 Bf5 11. Re1 Rad8+ 12. Nd2 h6 13. Rxe7 hxg5 14.
Rxc7 Ne4 15. Ke2 Rfe8 16. Bxf7+ Kf8 17. Bxe8 Rxe8 18. Nxe4 Bxe4 19. Kd2 Rd8+
20. Rd7 Rc8 21. c7 Ke8 22. Rxg7 Kf8 23. Rd7 Ke8 24. Rd8+ Ke7 25. Rxc8 1-0

[Event "Tournoi Skype 031B"]
[Site "Skype"]
[Date "????.??.??"]
[Round "5.38"]
[White "Conde, Ramon"]
[Black "Chamorro Cajina, Ivan Antonio"]
[Result "1-0"]
[WhiteElo "1186"]
[BlackElo "1045"]
[PlyCount "33"]

1. Nf3 d6 2. d4 Na6 3. e4 e6 4. Bd3 c5 5. c3 Qe7 6. O-O e5 7. Be3 g6 8. Nbd2
Bg7 9. Qc2 cxd4 10. cxd4 Nb4 11. Bb5+ Bd7 12. Bxd7+ Qxd7 13. Qb3 Qb5 14. a4 Qb6
15. Ng5 d5 16. dxe5 Ne7 17. Bxb6 1-0

[Event "Tournoi Skype 031B"]
[Site "Skype"]
[Date "????.??.??"]
[Round "5.39"]
[White "Achicanoy, Yolanda"]
[Black "Conde, Abigail"]
[Result "1-0"]
[WhiteElo "1000"]
[BlackElo "1177"]
[PlyCount "127"]

1. e4 e6 2. Bc4 c5 3. Bb3 a6 4. Nf3 Nc6 5. d3 d6 6. O-O Be7 7. Bf4 e5 8. Bg3
Nh6 9. h3 Nf5 10. exf5 Bxf5 11. Qe2 Bf6 12. Nc3 Rc8 13. Nd2 Nd4 14. Bxf7+ Kxf7
15. Qh5+ Bg6 16. Qg4 Nxc2 17. Rac1 Nd4 18. Rfe1 Bxd3 19. Qh5+ Bg6 20. Qd1 d5
21. Bxe5 Nf5 22. Bf4 d4 23. Qb3+ Kf8 24. Qxb7 dxc3 25. bxc3 Bf7 26. Qxa6 h5 27.
Bd6+ Nxd6 28. Rcd1 Be7 29. Nf3 Bc4 30. Qa4 Ra8 31. Qc2 Rxa2 32. Qb1 Rh6 33. Ne5
Be6 34. Ng6+ Kf7 35. Nf4 Bc4 36. Nd3 Qa5 37. Ne5+ Kf6 38. Nd7+ Kf7 39. Ne5+ Kg8
40. Ng6 Bf8 41. Ne7+ Bxe7 42. Rxe7 Bf7 43. Rd7 Bg6 44. Qb3+ c4 45. Rd8+ Qxd8
46. Qxa2 Bd3 47. Kh2 Ne4 48. Qa1 Qb6 49. Qa8+ Kh7 50. Qf8 Nxf2 51. Re1 Rf6 52.
Qe8 Ne4 53. Qxh5+ Rh6 54. Qg4 Qd6+ 55. Kg1 Ng3 56. Kf2 Ne4+ 57. Kg1 Qb6+ 58.
Kh2 Qf2 59. Rxe4 Bxe4 60. Qxe4+ Rg6 61. Qd5 Kh6 62. Qe4 Qg3+ 63. Kg1 Qxc3 64.
Qh4# 1-0

[Event "Tournoi Skype 031B"]
[Site "Skype"]
[Date "????.??.??"]
[Round "5.40"]
[White "Malbec, Robert"]
[Black "Nontsikelelo, Yvonne"]
[Result "1/2-1/2"]
[WhiteElo "1174"]
[BlackElo "1044"]
[PlyCount "71"]

1. e4 e5 2. Nf3 Nc6 3. Bc4 Nf6 4. d3 Bb4+ 5. Bd2 Bxd2+ 6. Nbxd2 O-O 7. O-O d6
8. h3 h6 9. c3 a6 10. a3 Na5 11. Ba2 Nc6 12. Nh4 Ne7 13. Qf3 c6 14. Qg3 Nh5 15.
Qf3 Nf4 16. Kh2 d5 17. g3 Nxh3 18. Qh5 Qd6 19. Qf3 Ng6 20. b3 Nxh4 21. gxh4 Qg6
22. Qg3 Qxg3+ 23. fxg3 g6 24. Nf3 Re8 25. Ng1 Nxg1 26. Kxg1 f5 27. exf5 Bxf5
28. d4 exd4 29. cxd4 Re3 30. Kf2 Rae8 31. Rae1 Rxe1 32. Rxe1 Rxe1 33. Kxe1 Kf7
34. Ke2 Ke6 35. Kf3 h5 36. Kf4 1/2-1/2

[Event "Tournoi Skype 031B"]
[Site "Skype"]
[Date "????.??.??"]
[Round "5.41"]
[White "Vargas, Elvin"]
[Black "Gomez Zuluaga, Jorge Adiel"]
[Result "1-0"]
[WhiteElo "1000"]
[BlackElo "1161"]
[PlyCount "83"]

1. e4 b6 2. d4 Ba6 3. Bxa6 Nxa6 4. Nf3 c6 5. O-O g6 6. a3 Bg7 7. Qd3 Nc7 8. Nc3
e6 9. e5 Nd5 10. Nxd5 cxd5 11. c4 dxc4 12. Qxc4 Ne7 13. Bg5 Qc8 14. Qd3 Qb7 15.
Bf6 Bxf6 16. exf6 Nd5 17. Qd2 h6 18. Rac1 Nxf6 19. Qf4 Nd5 20. Qd6 g5 21. Rc2
Nf4 22. Rc7 Qd5 23. Rxd7 Qxd6 24. Rxd6 O-O 25. g3 Nd5 26. Ne5 Kg7 27. f4 gxf4
28. gxf4 Rac8 29. Rf3 Rc1+ 30. Kg2 Kh7 31. f5 Rg8+ 32. Kh3 Nc7 33. Rd7 Rf8 34.
f6 Nd5 35. Rxa7 Rc2 36. Nd7 Rg8 37. Ne5 Rgg2 38. Rxf7+ Kg8 39. Rg3+ Rxg3+ 40.
hxg3 Rxb2 41. Rg7+ Kh8 42. Nf7# 1-0

[Event "Tournoi Skype 031B"]
[Site "Skype"]
[Date "????.??.??"]
[Round "5.42"]
[White "Guillaume, Mickael"]
[Black "Baratta, Giuseppe"]
[Result "1-0"]
[WhiteElo "1126"]
[BlackElo "1000"]
[PlyCount "68"]

1. e4 e5 2. Nf3 Nc6 3. Bc4 Bc5 4. O-O Nf6 5. d3 O-O 6. Re1 d6 7. Be3 Ng4 8.
Bxc5 dxc5 9. h3 Nf6 10. Ng5 Be6 11. Bxe6 fxe6 12. Nxe6 Qe7 13. Nxf8 Rxf8 14.
Nd2 Nd7 15. c3 Qf7 16. Qb3 c4 17. Qxc4 Na5 18. Qxf7+ Rxf7 19. Re3 Nc5 20. Nf3
Nc6 21. d4 exd4 22. cxd4 Ne6 23. d5 Ncd4 24. dxe6 Nxe6 25. Rc1 c6 26. Ne5 Rf8
27. Nd7 Rd8 28. Rd1 Nf8 29. Nf6+ Kf7 30. Rxd8 gxf6 31. Rf3 Ne6 32. Rd7+ Kg6 33.
Rxb7 Nd4 34. Rg3+ Kh5 1-0